000 01327nam a22002777a 4500
001 BD-DhSAU 9512
003 BD-DhSAU
005 20181211113418.0
008 150613b2008 bg a|||| m||| 00| 0 eng d
040 _aBD-DhSAU
082 _222
_a630.715
_bH779
100 _aHoque, Sayed Jahurul
_eRegistration # 00957
245 _aImpact of ASA micro credit program towards socio-economic development of rural women in monohardi upazilla of Narshingdi district /
_bMS thesis
_cSayed Jahurul Hoque,
260 _aSher-e-Bangla Agricultural University :
_bDepartment of Agricultural Extension & Information System,
_c2008.
300 _a71 p. :
_bill. ;
_c30 cm.
500 _aMS thesis of Department of Agricultural Extension & Information System, Faculty of Agriculture, Sher-e-Bangla Agricultural University, Dhaka, Bangladesh
504 _aIncludes bibliographical reference.
590 _aerfat
650 _aAgricultural Extension & Information System
650 _aImpact of ASA micro credit program towards
_zNarshingdi district
650 _asocio-economic development of rural women in monohardi
700 _aIslam, Md Rafiquel
_eSuperviser
700 _a Ali, Md Sekender
_eCo-superviser
856 _uhttp://archive.saulibrary.edu.bd:8080/xmlui/handle/123456789/1693
942 _2ddc
_cTHESIS
999 _c9512
_d9512